000 00746nam a2200169 i 4500
001 169614
003 ES-MaACL
005 20230906214138.0
008 081022s1904 sp |||| | spa d
110 2 _aUniversidad de Salamanca.
_97275
245 1 0 _aMemoria sobre el estado de la instrucción en esta universidad y establecimientos de enseñanza de su distrito correspondiente al curso académico de 1903 á 1904 ; Anuario para el de 1904 a 1905 ; Variedades.
260 _aSalamanca :
_b[s.n.],
_c1904 (
_fImp. y Lib. de Francisco Núñez Izquierdo)
300 _a53 p. ;
_c31 cm.
500 _aPrecede al tít.: Universidad de Salamanca.
610 2 4 _aUniversidad Literaria de Salamanca-
_vMemorias.
_9155720
852 _aES-MaACL
_jT-1068-F-4
999 _c169614
_d169614